Guess The Minecraft Horror Entity From The Picture: Part VIII - Statistics

General Stats
  • This quiz has been taken 7 times
  • The average score is 8 of 16
Answer Stats
Picture Answer % Correct
Choo-Choo Charles
80%
Guilt
60%
In Your World
60%
Possessed Sheep
60%
The Hidden Shadow
60%
Alternate
40%
Fever Dream
40%
Many Eyes
40%
SCP-4975
40%
The Clogger
40%
The Distant Smile
40%
The Flute Man
40%
The Man From The Abyss
40%
The Slumbering Omen
40%
The Spider Creeper
40%
The Twistdrail
40%
No matching quizzes found
Score Distribution
Percent of People with Each Score
Percentile by Number Answered
Your Score History
You have not taken this quiz